Statistiken für Länder der Welt - Fünf Minuten Sprint

Klicken Sie hier um das Quiz zu spielen!

Allgemein

  • Dieses Quiz wurde 1.178 mal gespielt
  • Das Durchschnittsergebnis liegt bei 128 aus 196

Antworten auf der Karte

Die Antworten werden auf der Karte rot bzw. grün angezeigt, abhängig davon wie oft sie richtig erraten wurden.
 

Antwortstatistiken

Country% Korrekt
Kanada
95%
Vereinigte Staaten
95%
Russland
94%
Mexiko
93%
China
92%
Frankreich
92%
Spanien
92%
Brasilien
91%
Schweden
91%
Deutschland
90%
Dänemark
89%
Finnland
89%
Island
89%
Italien
89%
Norwegen
89%
Portugal
89%
Argentinien
88%
Indien
88%
Irland
88%
Polen
88%
Australien
87%
Chile
87%
Iran
87%
Türkei
87%
Irak
86%
Peru
85%
Estland
84%
Japan
84%
Lettland
84%
Ukraine
84%
Litauen
83%
Mongolei
83%
Belgien
82%
Bolivien
82%
Schweiz
82%
Vereinigtes Königreich
82%
Kasachstan
81%
Kolumbien
81%
Uruguay
81%
Niederlande
80%
Weißrussland
80%
Jemen
79%
Österreich
79%
Saudi-Arabien
79%
Indonesien
78%
Oman
78%
Paraguay
78%
Venezuela
78%
Marokko
77%
Algerien
76%
Ecuador
76%
Panama
76%
Rumänien
76%
Kuba
75%
Tschechien
75%
Ägypten
74%
Bulgarien
74%
Neuseeland
74%
Pakistan
73%
Serbien
73%
Südkorea
73%
Ungarn
73%
Demokratische
Republik Kongo
72%
Griechenland
72%
Südafrika
72%
Thailand
72%
Tunesien
72%
Kongo
71%
Kroatien
71%
Laos
71%
Libyen
71%
Mali
71%
Niger
71%
Nordkorea
71%
Slowakei
71%
Suriname
71%
Guyana
70%
Haiti
70%
Honduras
70%
Slowenien
70%
Syrien
70%
Afghanistan
69%
Albanien
69%
Bosnien und
Herzegowina
69%
Costa Rica
69%
Nicaragua
69%
Sudan
69%
Vietnam
69%
Belize
68%
Bahamas
67%
Israel
67%
Kosovo
67%
Nepal
67%
Nigeria
67%
Andorra
66%
Luxemburg
66%
Madagaskar
66%
Malta
66%
Myanmar
66%
Tschad
66%
Guatemala
65%
Jamaika
64%
Südsudan
64%
Dominikanische
Republik
63%
El Salvador
63%
Vereinigte Arabische
Emirate
63%
Zypern
63%
Moldawien
62%
Sri Lanka
62%
Usbekistan
62%
Angola
61%
Monaco
61%
Somalia
61%
Togo
61%
Vatikanstadt
61%
Ghana
60%
Jordanien
60%
Katar
60%
Kirgisistan
60%
Liechtenstein
60%
Malaysia
60%
Mauretanien
60%
Montenegro
60%
Namibia
60%
San Marino
60%
Armenien
59%
Bhutan
59%
Georgien
59%
Kenia
59%
Philippinen
59%
Turkmenistan
59%
Kambodscha
58%
Kuwait
58%
Aserbaidschan
57%
Bangladesch
57%
Tadschikistan
57%
Libanon
56%
Mazedonien
56%
Papua-Neuguinea
56%
Benin
55%
Taiwan
55%
Äthiopien
54%
Bahrain
54%
Tansania
53%
Brunei
51%
Dominica
51%
Gabun
51%
Gambia
51%
Guinea
51%
Kamerun
51%
Lesotho
51%
Sambia
51%
Senegal
51%
St Lucia
51%
Nauru
50%
Samoa
50%
Singapur
50%
St Kitts und Nevis
50%
St Vincent und
die Grenadinen
50%
Barbados
49%
Eritrea
49%
Fidschi
49%
Malawi
49%
Palau
49%
Tonga
49%
Botswana
48%
Cabo Verde
48%
Grenada
48%
Liberia
48%
Malediven
48%
Timor-Leste
48%
Tuvalu
48%
Mosambik
47%
Uganda
47%
Antigua und Barbuda
46%
São Tomé und
Príncipe
46%
Kiribati
45%
Simbabwe
45%
Swasiland
45%
Trinidad und Tobago
45%
Côte d'Ivoire
44%
Komoren
44%
Mikronesien
44%
Ruanda
44%
Seychellen
44%
Vanuatu
44%
Burundi
43%
Guinea-Bissau
43%
Mauritius
43%
Salomonen
43%
Burkina Faso
42%
Dschibuti
41%
Marshallinseln
41%
Sierra Leone
39%
Zentralafrikanische
Republik
38%
Äquatorial-Guinea
34%

Verteilung der Resultate

Perzentil nach korrekt beantworteten Fragen

Anzahl Personen mit jedem Resultat

Ihre Resultats-Entwicklung

Sie haben dieses Quiz noch nicht gespielt